Từ điển lịch sử chế độ chính trị Trung Quốc /
Αποθηκεύτηκε σε:
| Κύριος συγγραφέας: | |
|---|---|
| Άλλοι συγγραφείς: | , , |
| Μορφή: | Sách giấy |
| Γλώσσα: | Vietnamese |
| Έκδοση: |
Tp. Hồ Chí Minh :
Trẻ,
2001.
|
| Θέματα: | |
| Ετικέτες: |
Προσθήκη ετικέτας
Δεν υπάρχουν, Καταχωρήστε ετικέτα πρώτοι!
|
| Thư viện lưu trữ: | Thư viện Trường Đại học Đà Lạt |
|---|
| LEADER | 00969nam a2200349 4500 | ||
|---|---|---|---|
| 001 | DLU090103080 | ||
| 005 | ##20091229 | ||
| 040 | # | # | |a DLU |b vie |
| 041 | # | # | |a vie |
| 044 | # | # | |a vn |
| 082 | # | # | |a 320.951 |b CH-T |
| 100 | # | # | |a Chu Phát Tăng. |
| 245 | # | # | |a Từ điển lịch sử chế độ chính trị Trung Quốc / |c Chu Phát Tăng, Trần Long Đào, Tề Cát Tường; Nguyễn Văn Dương dịch giả. |
| 260 | # | # | |a Tp. Hồ Chí Minh : |b Trẻ, |c 2001. |
| 300 | # | # | |a 909 tr. ; |c 21 cm. |
| 653 | # | # | |a Chế độ chính trị |
| 653 | # | # | |a Từ điển |
| 653 | # | # | |a Trung Quốc |
| 700 | # | # | |a Nguyễn Văn Dương, |c TS, |e dịch giả. |
| 700 | # | # | |a Tề Cát Tường. |
| 700 | # | # | |a Trần Long Đào. |
| 923 | # | # | |a 15/2009 |
| 991 | # | # | |a SH |
| 992 | # | # | |a 120000 |
| 994 | # | # | |a DLU |
| 900 | # | # | |a True |
| 911 | # | # | |a Đào Thị Thu Huyền |
| 925 | # | # | |a G |
| 926 | # | # | |a A |
| 927 | # | # | |a SH |
| 980 | # | # | |a Thư viện Trường Đại học Đà Lạt |